Top 10 Songs by Alice Cooper - Statistics

General Stats
  • This quiz has been taken 5 times
  • The average score is 5 of 10
Answer Stats
Hint Answer % Correct
3 No More Mr. Nice Guy
80%
1 Poison
80%
2 School's Out
80%
4 I'm Eighteen
60%
7 Bed of Nails
40%
6 Billion Dollar Babies
40%
10 Feed My Frankenstein
40%
9 Hey Stoopid
40%
8 Under My Wheels
40%
5 Elected
20%
No matching quizzes found
Score Distribution
Percent of People with Each Score
Percentile by Number Answered
Your Score History
You have not taken this quiz